Concursos y procedimiento concursal (Registro nro. 1527)

Detalles MARC
000 -LEADER
fixed length control field 02171 a2200217 4500
001 - CONTROL NUMBER
control field 26963
005 - DATE AND TIME OF LATEST TRANSACTION
control field 20260407155547.0
008 - FIXED-LENGTH DATA ELEMENTS--GENERAL INFORMATION
fixed length control field 260407a1972 arg spa d
003 - CONTROL NUMBER IDENTIFIER
control field AR-UNSa-BCEJYS
040 ## - CATALOGING SOURCE
Original cataloging agency AR-UNSa-BCEJYS
Language of cataloging spa
Transcribing agency AR-UNSa-BCEJYS
080 ## - UNIVERSAL DECIMAL CLASSIFICATION NUMBER
Universal Decimal Classification number 347.736
Common auxiliary subdivision Quiebra. Insolvencia. Suspensión de pagos. Bancarrota, procedimientos. Derecho Concursal
100 1# - MAIN ENTRY--PERSONAL NAME
Personal name Migliardi, Francisco N.M.O.
245 10 - TITLE STATEMENT
Title Concursos y procedimiento concursal
Name of part/section of a work comentario y analísis de la ley 19.551
264 #1 - PRODUCTION, PUBLICATION, DISTRIBUTION, MANUFACTURE, AND COPYRIGHT NOTICE
Place of production, publication, distribution, manufacture Buenos Aires :
Name of producer, publisher, distributor, manufacturer Depalma
Date of production, publication, distribution, manufacture, or copyright notice 1972
300 ## - PHYSICAL DESCRIPTION
Extent 320 p.
Dimensions 23 cm.
505 ## - FORMATTED CONTENTS NOTE
Formatted contents note 1. Desarrollo histórico.Sistemas legislativo - 2. Antecedentes nacionales.Evolución legislativa hasta llegar a la actual ley - 3. Principios generales - 4. El concurso preventivo - 5. Efectos de la apertura del concurso - 6. Trámite hasta la junta - 7. Junta de acreedores - 8. Impugnación y homologación del acuerdo - 9. Efectos del acuerdo homologado - 10. Nulidad del acuerdo.Incumplimiento - 11. Disposiciones particulares para el acuerdo por cesión de bienes - 12. Declaración de la quiebra - 13. Sentencia - 14. Recursos contra la sentencia de quiebra - 15. Efectos de la quiebra - 16. Efectos generales sobre relaciones jurídicas preexistentes - 17. Efectos sobre ciertas relaciones jurídicas en particular - 18. Extensión dela quiebra y responsabilidad de terceros - 19. Incautación y conservación de bienes - 20. Continuación de la empresa - 21. Período informativo en la quiebra - 22. Realización de bienes - 23. Informe final y distribución - 24. Acuerdo resolutorio - 25. Avenimiento - 26. Pago total - 27. Clausura del procedimiento - 28. Calificación de conducta del fallido y de terceros - 29. Rehabilitación - 30. Concurso en caso de liquidación administrativa - 31. Privilegio - 32. El órgano jurisdiccional - 33. Funcionarios y empleados de los concursos - 34. Regulación de honorarios - 35. Reglas procesales - 36. De los concursos civiles - 37. Derecho penal concursal - 38. Disposiciones complementarias y transitorias.
590 ## - LOCAL NOTE (RLIN)
Local note niveau_biblio:m niveau_hierar:0
650 ## - SUBJECT ADDED ENTRY--TOPICAL TERM
Topical term or geographic name entry element Ley Nº 19.551
650 ## - SUBJECT ADDED ENTRY--TOPICAL TERM
Topical term or geographic name entry element ley nº 19 551
942 ## - ADDED ENTRY ELEMENTS (KOHA)
Koha item type
Existencias
Withdrawn status Lost status Damaged status Not for loan Home library Current library Shelving location Date acquired Total checkouts Full call number Barcode Date last seen Price effective from Koha item type
        Biblioteca Prof. Eusebio Cleto del Rey Biblioteca Prof. Eusebio Cleto del Rey   07/04/2026   347.736 M634 L24739 07/04/2026 07/04/2026 Libro
        Biblioteca Prof. Eusebio Cleto del Rey Biblioteca Prof. Eusebio Cleto del Rey   07/04/2026   347.736 M634 L24742 07/04/2026 07/04/2026 Libro
        Biblioteca Prof. Eusebio Cleto del Rey Biblioteca Prof. Eusebio Cleto del Rey   07/04/2026   347.736 M634 L24740 07/04/2026 07/04/2026 Libro
        Biblioteca Prof. Eusebio Cleto del Rey Biblioteca Prof. Eusebio Cleto del Rey   07/04/2026   347.736 M634 L24741 07/04/2026 07/04/2026 Libro